Librería de jueces (Record no. 8702)
[ view plain ]
| 000 -CABECERA | |
|---|---|
| campo de control de longitud fija | 01223nam a2200217 a 4500 |
| 001 - NÚMERO DE CONTROL | |
| campo de control | BRCA_9052 |
| 005 - FECHA Y HORA DE LA ÚLTIMA TRANSACCIÓN | |
| campo de control | 20190320210516.0 |
| 008 - DATOS DE LONGITUD FIJA--INFORMACIÓN GENERAL | |
| campo de control de longitud fija | 010917s1774----sp-#######---#000-0#spa-# |
| 041 ## - CÓDIGO DE LENGUA | |
| Código de lengua del texto/banda sonora o título independiente | spa |
| 044 ## - CÓDIGO DEL PAÍS DE LA ENTIDAD EDITORA/PRODUCTORA | |
| Código MARC del país | sp |
| 084 ## - OTRO NÚMERO DE CLASIFICACIÓN | |
| Número de clasificación | CO42 |
| Número de documento/Ítem | .M37 1774 |
| 100 1# - ENTRADA PRINCIPAL--NOMBRE DE PERSONA | |
| Nombre de persona | Martínez, Manuel Silvestre |
| 9 (RLIN) | 21602 |
| 245 10 - MENCIÓN DE TÍTULO | |
| Título | Librería de jueces |
| Resto del título | utilísima, y universal para todos los que desean imponerse en la Jurisprudencia Práctica, Derecho Real de España, y Reales Resoluciones mas modernas de rigorosa observancia: y en especial para Abogados, Alcaldes, Corregidores, Intendentes, Prelados Regulares, Jueces Eclesiasticos: Parrocos, Regidores, Escribanos: Diputados, y Personeros: tomo octavo: en que se resumen, y exponen todas las Leyes, y Autos Acordados de los libros... |
| Mención de responsabilidad, etc. | su autor el Lic. D. Manuel Sylvestre Martínez. |
| 260 ## - PUBLICACIÓN, DISTRIBUCIÓN, ETC. | |
| Lugar de publicación, distribución, etc. | Madrid |
| Nombre del editor, distribuidor, etc. | En la Imprenta de Blas Romàn |
| Fecha de publicación, distribución, etc. | 1774 |
| 300 ## - DESCRIPCIÓN FÍSICA | |
| Extensión | [10], 384p. (t.8) |
| Dimensiones | 21.3 x 15.5 cm |
| 500 ## - NOTA GENERAL | |
| Nota general | En portada: Dedicado al EXCMO. SR. CONDE de ARANDA |
| 500 ## - NOTA GENERAL | |
| Nota general | Estado físico: presenta encuadernación en pergamino con presencia del pez de plata y presencia del pez de plata |
| 650 14 - PUNTO DE ACCESO ADICIONAL DE MATERIA--TÉRMINO DE MATERIA | |
| Término de materia o nombre geográfico como elemento de entrada | Derecho civil |
| Subdivisión cronológica | Obras anteriores a 1800 |
| Subdivisión geográfica | España |
| 9 (RLIN) | 21603 |
| 902 ## - CATALOGADOR | |
| Iniciales | CFM |
| 942 ## - ELEMENTOS DE PUNTO DE ACCESO ADICIONAL (KOHA) | |
| Fuente del sistema de clasificación o colocación | Library of Congress Classification |
| Tipo de ítem Koha | Libros |
| Estado de retiro | Estado de pérdida | Estado dañado | No para préstamo | Localización permanente | Ubicación/localización actual | Fecha de adquisición | Total de préstamos | Signatura topográfica completa | Código de barras | Fecha visto por última vez | Precio válido a partir de | Tipo de ítem Koha |
|---|---|---|---|---|---|---|---|---|---|---|---|---|
| El ejemplar forma parte de la colección y puede ser consultado según las políticas vigentes. | Biblioteca del Museo Franz Mayer (Rogerio Casas-Alatriste) | Biblioteca del Museo Franz Mayer (Rogerio Casas-Alatriste) | 01/09/2017 | CO42 .M37 1774 | CFM00407 | 22/03/2019 | 22/03/2019 | Libros |